00258pab a2200109 454500008004000000245002600040260000900066300001100075362001200086650001600098773003400114180718b1990 xxu||||| |||| 00| 0 eng d aReview of agriculture c1990 aA2-A44 a30 Mar. aAgriculture aEconomic and Political Weekly